000 00595cam a22002411 4500
001 sa 65010633
003 DLC
005 20260227112210.0
008 891204s1964 xx b 000 0 hino
010 _asa 65010633
035 _a(OCoLC)20728172
040 _aDLC
_cWaU
_dDLC
042 _apremarc
050 0 0 _aBL1175.U7
_bR3
100 1 _aRājeśvarayyā, M.
245 1 0 _aUrmilā.
260 _c[1964]
300 _a21, 10-144 p.
_c21 cm.
500 _aIn Hindi.
504 _aBibliography: p. [142]-144.
650 0 _aŪrmilā (Hindu mythology)
700 1 _aGurudatta, Pradhān.
999 _c66843
_d66843